| 000 | 00481nam a2200157Ia 4500 | ||
|---|---|---|---|
| 003 | Ost | ||
| 005 | 20260507075659.0 | ||
| 008 | 260507s9999||||xx |||||||||||||| ||und|| | ||
| 040 | _cfsecg | ||
| 041 | _aara | ||
| 100 |
_aبن عثمان، حاتم _eمؤلف |
||
| 245 | 0 |
_aالعولمة و الثقافة / _c حاتم بن عثمان |
|
| 260 |
_aعمان: _bالمؤسسة العربية للدراسات و النشر, _c1999 |
||
| 300 | _a141 صفحة؛ | ||
| 942 | _cكتاب | ||
| 999 |
_c45771 _d45771 |
||